| 000 | 00363nam a2200145Ia 4500 | ||
|---|---|---|---|
| 008 | 150201s2007 xx 000 0 und d | ||
| 082 |
_a617.6 _bH2007P |
||
| 100 | _aPRABHU,S.R. | ||
| 245 | _aHIV & AIDS IN DENTAL PRACTICE | ||
| 250 | _a1ST | ||
| 260 |
_bDENTAL COUNCIL OF INDIA _aDELHI _c2007 |
||
| 300 | _a1-298 | ||
| 650 | _aGENERAL DENTISTRY | ||
| 942 |
_2ddc _cBK |
||
| 999 |
_c3880 _d3880 |
||